Conservation of wild Hevea germplasm-Genetic diversity and selection of drought tolerant accessions (Record no. 56178)

MARC details
000 -LEADER
fixed length control field 00766nam a2200193Ia 4500
100 ## - MAIN ENTRY--AUTHOR NAME
Personal name Mercy M A
245 #0 - TITLE STATEMENT
Title Conservation of wild Hevea germplasm-Genetic diversity and selection of drought tolerant accessions
260 ## - PUBLICATION, DISTRIBUTION, ETC. (IMPRINT)
Name of publisher In: Prospects in Forestry and Agriculture: Compilation of Papers Presented in National Seminar on Forestry and Agriculture, 7-8 November 2013, KFRI, Peechi. (Eds. Mohanan, K.V et al) Kerala Forest Research Institute, Peechi, India, 2015, pp.243-257.
650 ## - SUBJECT ADDED ENTRY--TOPICAL TERM
Topical Term Genetic diversity
650 ## - SUBJECT ADDED ENTRY--TOPICAL TERM
Topical Term Wild hevea germplasm
700 ## - ADDED ENTRY--PERSONAL NAME
Personal name Meenakumari T
700 ## - ADDED ENTRY--PERSONAL NAME
Personal name Mydin K K
700 ## - ADDED ENTRY--PERSONAL NAME
Personal name Nair D B
700 ## - ADDED ENTRY--PERSONAL NAME
Personal name Reghu C P
700 ## - ADDED ENTRY--PERSONAL NAME
Personal name Singh M
856 ## - ELECTRONIC LOCATION AND ACCESS
Uniform Resource Identifier 630(063) KFR
942 ## - ADDED ENTRY ELEMENTS (KOHA)
Koha item type Journals
Holdings
Withdrawn status Lost status Damaged status Not for loan Home library Current library Shelving location Date acquired Koha item type
      Journals RRII Library RRII Library Germaplsm 01/01/2016 Journals